000 00326nam a2200157Ia 4500
100 _aKozen/Dexter C
650 _aAutomata
942 _cRB
366 _f25
654 _aautomata
245 _aAutomata and computability
260 _bSpringer
_c1997
082 _bKOZ
300 _a400
546 _aENGLISH
_celectronics
999 _c32138
_d32138